| 000 | 00475nam a2200145 a 4500 | ||
|---|---|---|---|
| 001 | 000032518 | ||
| 005 | 20200930065701.0 | ||
| 008 | 110718s19uu dr 000 0 spa d | ||
| 040 |
_aDO-SdBNP _bspa _cBNPHU |
||
| 100 | 1 |
_aMartínez Armánzar, Juan Francisco _958453 |
|
| 245 | 1 | 0 |
_aNociones de historia patria : _bresúmen de catedras / _cJuan Francisco Martínez Armánzar. |
| 250 | _a6a. ed. | ||
| 260 |
_a[Santo Domingo : _bs.n., _c19--?]. |
||
| 300 |
_a244 p. : _bil. ; _c21 cm. |
||
| 999 |
_c32009 _d32009 |
||